México y Cuba: los inicios de una relación /
Se pretende abordar el inicio de la relación diplomática de la nación cubana con México, en la perspectiva de un personaje muy particular, el general Carlos García Vélez, primer ministro plenipotenciario de Cuba en México; presentando datos significativos del personaje, cuestiones familiares, políti...
Enregistré dans:
| Auteur principal: | |
|---|---|
| Format: | Texte |
| Sujets: | |
| Tags: |
Ajouter un tag
Pas de tags, Soyez le premier à ajouter un tag!
|
MARC
| LEADER | 00000 a a2200000 04500 | ||
|---|---|---|---|
| 001 | 42117 | ||
| 003 | |||
| 040 | |||
| 100 | |a Ortega Reyna, Jaime | ||
| 245 | |a México y Cuba: |b los inicios de una relación / |c Jaime Ortega Reyna | ||
| 500 | |a jaime_ortega83@hotmail.com | ||
| 520 | |a Se pretende abordar el inicio de la relación diplomática de la nación cubana con México, en la perspectiva de un personaje muy particular, el general Carlos García Vélez, primer ministro plenipotenciario de Cuba en México; presentando datos significativos del personaje, cuestiones familiares, políticas e intelectuales. | ||
| 590 | |a SJB/MARZO2012 | ||
| 650 | |a DIPLOMACIA | ||
| 650 | |a POLITICA EXTERIOR | ||
| 650 | |a HISTORIA POLITICA | ||
| 650 | |a BIOGRAFIAS | ||
| 650 | |a CUBA | ||
| 650 | |a MEXICO | ||
| 773 | |g número49 (2009), páginas 155-180 | ||
| 999 | |c 25429 |d 25429 | ||
